Estados da Alemanha - Statistics

Estatísticas Gerais
  • Esse quiz foi jogado 2 516 vezes
  • A pontuação média é 8 de 16
Respostas no mapa
Respostas codificadas por cores de uma escala verde-vermelha no mapa do quiz de acordo com a % correta abaixo.
 
Estatísticas das Respostas
Estado % Correto
Berlim
90%
Baviera
84%
Hamburgo
66%
Saxônia
57%
Bremen
52%
Renânia-Palatinado
50%
Renânia do Norte-Vestfália
49%
Baden-Württemberg
46%
Baixa Saxônia
46%
Mecklemburgo-Pomerânia Ocidental
43%
Sarre
43%
Alta Saxônia
42%
Hesse
42%
Brandemburgo
41%
Eslésvico-Holsácia
40%
Turíngia
40%
Nenhum quiz correspondente encontrado
Distribuição das Pontuações
Porcentagem de Pessoas com Cada Pontuação
Percentil de Números Respondidos
Sua Pontuação Histórica
Você não jogou esse quiz